Digital communications : (Record no. 218137)
[ view plain ]
| 000 -LEADER | |
|---|---|
| fixed length control field | 01245 a2200193 4500 |
| 003 - CONTROL NUMBER IDENTIFIER | |
| control field | Nust |
| 005 - DATE AND TIME OF LATEST TRANSACTION | |
| control field | 20230228161344.0 |
| 010 ## - LIBRARY OF CONGRESS CONTROL NUMBER | |
| LC control number | 00007476 |
| 040 ## - CATALOGING SOURCE | |
| Transcribing agency | Nust |
| 082 00 - DEWEY DECIMAL CLASSIFICATION NUMBER | |
| Classification number | 621.382,SKL |
| 100 1# - MAIN ENTRY--PERSONAL NAME | |
| Personal name | Sklar, Bernard, |
| 245 10 - TITLE STATEMENT | |
| Title | Digital communications : |
| Remainder of title | fundamentals and applications / |
| Statement of responsibility, etc. | Bernard Sklar. |
| 250 ## - EDITION STATEMENT | |
| Edition statement | 2nd ed. |
| 260 ## - PUBLICATION, DISTRIBUTION, ETC. | |
| Place of publication, distribution, etc. | Upper Saddle River, N.J. : |
| Name of publisher, distributor, etc. | Prentice-Hall PTR, |
| Date of publication, distribution, etc. | c2001. |
| 300 ## - PHYSICAL DESCRIPTION | |
| Extent | xxiv, 1079 p. : |
| Other physical details | ill. ; |
| Dimensions | 25 cm. + |
| Accompanying material | 1 computer optical disc (4 3/4 in.) |
| 505 ## - FORMATTED CONTENTS NOTE | |
| Formatted contents note | Signals and Spectra (Page-1), Formatting and Baseband Modulation (Page-55), Baseband Demodulation/Detection (Page-104), BandPass Modulation and Demodulation/Detection (Page-167), Communications Link Analysis (Page-242), Channel Coding Part-1 (Page-304), Channel Coding: Part-II (Page 381), Channel Coding: Part-3 (Page-437), Modeling and Coding Trade Offs (Page-521), Synchronization (Page-599), Multiplexing and Multiple Access (Page-657), Spread Spectrum Techniques (Page-718), Source Coding (Page-804), Encryption and decryption (Page-891), Fading Channels (Page-945), Optimum detection and Estimation (Page-1011), Fundamentals of Statistical Decision Theory (Page-1035). |
| 650 #0 - SUBJECT ADDED ENTRY--TOPICAL TERM | |
| Topical term or geographic name entry element | Digital communications. |
| 9 (RLIN) | 237 |
| 942 ## - ADDED ENTRY ELEMENTS (KOHA) | |
| Source of classification or shelving scheme | |
| Koha item type | Book |
| Withdrawn status | Lost status | Source of classification or shelving scheme | Damaged status | Not for loan | Permanent Location | Current Location | Shelving location | Date acquired | Total Checkouts | Full call number | Barcode | Date last seen | Date last checked out | Price effective from | Koha item type | Public note | Checked out |
|---|---|---|---|---|---|---|---|---|---|---|---|---|---|---|---|---|---|
| Military College of Signals (MCS) | Military College of Signals (MCS) | General Stacks | 12/12/2016 | 3 | 621.382,SKL | MCS37434 | 12/04/2023 | 10/25/2023 | 12/12/2016 | Book | Almirah No.35, Shelf No.6 | ||||||
| Military College of Signals (MCS) | Military College of Signals (MCS) | General Stacks | 12/12/2016 | 621.382,SKL | MCS37435 | 12/08/2016 | 12/12/2016 | Book | Almirah No.72, Shelf No.1 | ||||||||
| Military College of Signals (MCS) | Military College of Signals (MCS) | 12/12/2016 | 1 | 621.382 SKL | MCS37476 | 11/14/2023 | 11/14/2023 | 12/12/2016 | Book | 03/13/2024 |
